<?xml version="1.0" encoding="UTF-8"?>
<record
    xmlns:xsi="http://www.w3.org/2001/XMLSchema-instance"
    xsi:schemaLocation="http://www.loc.gov/MARC21/slim http://www.loc.gov/standards/marcxml/schema/MARC21slim.xsd"
    xmlns="http://www.loc.gov/MARC21/slim">

  <leader>01630nam a2200289 a 4500</leader>
  <controlfield tag="001">ASIN303768092X</controlfield>
  <controlfield tag="003">OSt</controlfield>
  <controlfield tag="005">20180116192417.0</controlfield>
  <controlfield tag="008">130726s2011    xxu                 eng d</controlfield>
  <datafield tag="020" ind1=" " ind2=" ">
    <subfield code="a">303768092X (hardcover)</subfield>
    <subfield code="c">$99.95</subfield>
  </datafield>
  <datafield tag="020" ind1=" " ind2=" ">
    <subfield code="a">9783037680926 (hardcover)</subfield>
  </datafield>
  <datafield tag="040" ind1=" " ind2=" ">
    <subfield code="c">00</subfield>
  </datafield>
  <datafield tag="050" ind1="0" ind2="4">
    <subfield code="a">NA2794</subfield>
  </datafield>
  <datafield tag="082" ind1="0" ind2="4">
    <subfield code="a">729.28</subfield>
  </datafield>
  <datafield tag="100" ind1="1" ind2=" ">
    <subfield code="a">Uffelen, Chris van.</subfield>
    <subfield code="9">6804</subfield>
  </datafield>
  <datafield tag="245" ind1="1" ind2="0">
    <subfield code="a">Light in architecture /</subfield>
    <subfield code="c">Chris van Uffelen.</subfield>
  </datafield>
  <datafield tag="260" ind1=" " ind2=" ">
    <subfield code="a"> :</subfield>
    <subfield code="b">Braun Publish,Csi,</subfield>
    <subfield code="c">2012.</subfield>
  </datafield>
  <datafield tag="300" ind1=" " ind2=" ">
    <subfield code="a">424 p. ;</subfield>
    <subfield code="c">31 cm.</subfield>
  </datafield>
  <datafield tag="490" ind1="1" ind2=" ">
    <subfield code="a">Architecture in focus.</subfield>
  </datafield>
  <datafield tag="520" ind1=" " ind2=" ">
    <subfield code="a">Light is the prerequisite for spatial perception, which is why it is an integral component of architecture. Light design in architecture has become more lively and also more colourful in the last few years. The projects selected here show how good architecture is improved with the right light. With interior design, the purpose of the introduction of natural light and the use of artificial light is to create a spatial experience: certain areas are accentuated, spatial units are defined and differing atmospheres are established. Illumination also plays a role with exteriors, not just at night. In addition to the form emphasizing role of light, a striking illumination can lend the building an emblematic uniqueness.</subfield>
  </datafield>
  <datafield tag="650" ind1=" " ind2="0">
    <subfield code="a">Light in architecture</subfield>
    <subfield code="9">6805</subfield>
  </datafield>
  <datafield tag="650" ind1=" " ind2="0">
    <subfield code="a">Lighting, Architectural and decorative</subfield>
    <subfield code="9">6806</subfield>
  </datafield>
  <datafield tag="830" ind1=" " ind2="0">
    <subfield code="a">Architecture in focus.</subfield>
    <subfield code="9">6807</subfield>
  </datafield>
  <datafield tag="856" ind1="4" ind2="0">
    <subfield code="3">Amazon.com</subfield>
    <subfield code="u">http://www.amazon.com/exec/obidos/ASIN/303768092X/chopaconline-20</subfield>
  </datafield>
  <datafield tag="942" ind1=" " ind2=" ">
    <subfield code="2">ddc</subfield>
    <subfield code="c">BK</subfield>
  </datafield>
  <datafield tag="999" ind1=" " ind2=" ">
    <subfield code="c">353761</subfield>
    <subfield code="d">353761</subfield>
  </datafield>
  <datafield tag="952" ind1=" " ind2=" ">
    <subfield code="0">0</subfield>
    <subfield code="1">0</subfield>
    <subfield code="2">ddc</subfield>
    <subfield code="4">0</subfield>
    <subfield code="7">0</subfield>
    <subfield code="a">SADA</subfield>
    <subfield code="b">SADA</subfield>
    <subfield code="d">2013-06-20</subfield>
    <subfield code="l">4</subfield>
    <subfield code="m">2</subfield>
    <subfield code="o">729.28 UFF 2012</subfield>
    <subfield code="p">SADA0002070</subfield>
    <subfield code="r">2015-11-17</subfield>
    <subfield code="s">2015-11-13</subfield>
    <subfield code="v">9698.22</subfield>
    <subfield code="w">2013-07-30</subfield>
    <subfield code="y">BK</subfield>
  </datafield>
</record>
